[Event "Madrid ch Super Veteranos 2018"]
[Site "Madrid ESP"]
[Date "2018.01.22"]
[Round "1.1"]
[White "Martinez De La Puente, Ignacio"]
[Black "Pastor Alonso De Prado, Alberto"]
[Result "0-1"]
[WhiteElo "1752"]
[BlackElo "2190"]
[PlyCount "128"]
[EventDate "2018.01.22"]
[EventType "swiss"]
[EventRounds "7"]
[EventCountry "ESP"]
[SourceTitle "Ajedrez en Madrid"]
[Source "lmi"]
[SourceDate "2018.01.22"]
[SourceVersion "1"]
[SourceVersionDate "2018.01.28"]
[SourceQuality "1"]

1. e4 e6 2. d4 b6 3. Bd3 c5 4. c3 Nf6 5. Be3 Bb7 6. Nd2 Be7 7. h3 Qc8 8. Ngf3
Ba6 9. Qe2 Bxd3 10. Qxd3 Qa6 11. Qxa6 Nxa6 12. Ke2 O-O 13. Rhd1 Rac8 14. Ne1 d5
15. e5 Nd7 16. Rac1 Nc7 17. Nd3 a5 18. a4 c4 19. Ne1 b5 20. axb5 Nxb5 21. Ra1
Ra8 22. Ra2 a4 23. Nb1 a3 24. Nc2 axb2 25. Rxb2 Rfb8 26. Kd2 h6 27. Rc1 Kh7 28.
Nb4 Nc7 29. Kc2 Bxb4 30. cxb4 Ra4 31. Bd2 Nb5 32. Be3 f5 33. exf6 gxf6 34. Nc3
Na3+ 35. Kd2 Raxb4 36. Rxb4 Rxb4 37. Ne2 Rb2+ 38. Kd1 Kg6 39. Ra1 Nc2 40. Bc1
Nxa1 41. Bxb2 Nb3 42. Nc3 Nb8 43. Nb5 Nc6 44. Ke2 Kf7 45. Ke3 Nb4 46. g4 Ke8
47. Nd6+ Ke7 48. Nb5 Kd7 49. f4 Kc6 50. Na3 Nd3 51. Bc3 Kd7 52. h4 Ke7 53. Nb5
Nbc1 54. Na3 Na2 55. Ba5 Ndb4 56. Nb5 Nc6 57. Bd2 Nab4 58. Bc3 Na6 59. Na3 Nc7
60. Nc2 Nb5 61. Bb4+ Kf7 62. Bc5 e5 63. fxe5 fxe5 64. dxe5 Nxe5 0-1

[Event "Madrid ch Super Veteranos 2018"]
[Site "Madrid ESP"]
[Date "2018.01.22"]
[Round "1.2"]
[White "Gonzalez Rivera, Eduardo"]
[Black "Corredor Gonzalez, Angel L"]
[Result "1-0"]
[WhiteElo "2014"]
[BlackElo "1745"]
[PlyCount "41"]
[EventDate "2018.01.22"]
[EventType "swiss"]
[EventRounds "7"]
[EventCountry "ESP"]
[SourceTitle "Ajedrez en Madrid"]
[Source "lmi"]
[SourceDate "2018.01.22"]
[SourceVersion "1"]
[SourceVersionDate "2018.01.28"]
[SourceQuality "1"]

1. e4 e5 2. Nf3 Nf6 3. Nc3 Bb4 4. Nd5 Nxd5 5. exd5 e4 6. Qe2 O-O 7. Nd4 b6 8.
Qc4 Bc5 9. b4 Ba6 10. b5 Qf6 11. c3 Bb7 12. Qb3 Bxd4 13. cxd4 Qxd4 14. Bb2 Qxd5
15. Qc3 Qg5 16. h4 Qg4 17. Rh3 f6 18. Qxc7 Bd5 19. Rg3 Qe6 20. h5 d6 21. Qxg7#
1-0

[Event "Madrid ch Super Veteranos 2018"]
[Site "Madrid ESP"]
[Date "2018.01.22"]
[Round "1.3"]
[White "Alvarez Escudero, Manuel"]
[Black "Estrada Martinez, Cesar"]
[Result "0-1"]
[WhiteElo "1730"]
[BlackElo "2001"]
[PlyCount "78"]
[EventDate "2018.01.22"]
[EventType "swiss"]
[EventRounds "7"]
[EventCountry "ESP"]
[SourceTitle "Ajedrez en Madrid"]
[Source "lmi"]
[SourceDate "2018.01.22"]
[SourceVersion "1"]
[SourceVersionDate "2018.01.28"]
[SourceQuality "1"]

1. e4 c5 2. Nf3 g6 3. d4 cxd4 4. Nxd4 Nf6 5. Nc3 Nc6 6. Bc4 Bg7 7. O-O O-O 8.
Be3 d6 9. Nd5 Nxe4 10. Nxc6 bxc6 11. Nb4 Bb7 12. f3 Nf6 13. c3 a5 14. Nd3 a4
15. a3 c5 16. Ba2 Bd5 17. Bxd5 Nxd5 18. Qd2 Nxe3 19. Qxe3 Qd7 20. g3 Rab8 21.
Kg2 e6 22. Rf2 Rfe8 23. Rd1 d5 24. Re2 d4 25. cxd4 Bxd4 26. Qc1 Rb3 27. Qc4 Qc6
28. Rdd2 Qb5 29. Rc2 Qxc4 30. Rxc4 Rxd3 31. Rxa4 Rb3 32. Rc4 Bxb2 33. a4 Bd4
34. Re4 Ra8 35. h4 Ra3 36. g4 R3xa4 37. Rc2 Ra1 38. f4 Rg1+ 39. Kh2 Rxg4 0-1

[Event "Madrid ch Super Veteranos 2018"]
[Site "Madrid ESP"]
[Date "2018.01.22"]
[Round "1.4"]
[White "Ciuro Munoz, Ricardo"]
[Black "Leniz Martinez, Francisco"]
[Result "1-0"]
[WhiteElo "1986"]
[BlackElo "1692"]
[PlyCount "105"]
[EventDate "2018.01.22"]
[EventType "swiss"]
[EventRounds "7"]
[EventCountry "ESP"]
[SourceTitle "Ajedrez en Madrid"]
[Source "lmi"]
[SourceDate "2018.01.22"]
[SourceVersion "1"]
[SourceVersionDate "2018.01.28"]
[SourceQuality "1"]

1. d4 c5 2. c3 e6 3. Bf4 d5 4. e3 Nf6 5. Nf3 Be7 6. Bd3 O-O 7. Nbd2 b6 8. Ne5
Bb7 9. Ndf3 Nbd7 10. O-O Ne4 11. Nxd7 Qxd7 12. Ne5 Qe8 13. a4 a6 14. Qh5 f6 15.
Qxe8 Rfxe8 16. Nd7 Bd8 17. Bxe4 dxe4 18. dxc5 e5 19. Bg3 bxc5 20. Nxc5 Bc6 21.
b4 Bb6 22. Nb3 Red8 23. c4 Rd3 24. Nc1 Rc3 25. c5 Bc7 26. Ne2 Rc2 27. Rfe1 Rd8
28. Rac1 Bxa4 29. Rxc2 Bxc2 30. Nd4 Bd3 31. Ne6 Rc8 32. Nxc7 Rxc7 33. f4 exf4
34. Bxf4 Rc6 35. Bd6 Kf7 36. g4 Ke6 37. Kf2 Rc8 38. h4 Kd5 39. Kg3 Kc4 40. Rc1+
Kd5 41. Kf4 Rc6 42. g5 Ke6 43. gxf6 Kxf6 44. Rg1 g6 45. h5 Rc8 46. hxg6 hxg6
47. Be5+ Ke6 48. Rxg6+ Kd5 49. Rd6+ Kc4 50. Rb6 Rf8+ 51. Kg5 Kd5 52. Bd6 Bb5
53. Bxf8 1-0

[Event "Madrid ch Super Veteranos 2018"]
[Site "Madrid ESP"]
[Date "2018.01.22"]
[Round "1.6"]
[White "Vinas Lopez, Carlos"]
[Black "Rodriguez Bachiller, Luis"]
[Result "1-0"]
[WhiteElo "1884"]
[BlackElo "1634"]
[PlyCount "97"]
[EventDate "2018.01.22"]
[EventType "swiss"]
[EventRounds "7"]
[EventCountry "ESP"]
[SourceTitle "Ajedrez en Madrid"]
[Source "lmi"]
[SourceDate "2018.01.22"]
[SourceVersion "1"]
[SourceVersionDate "2018.01.28"]
[SourceQuality "1"]

1. d4 Nf6 2. Bg5 c6 3. Bxf6 exf6 4. c4 Bb4+ 5. Nc3 d5 6. cxd5 Qxd5 7. e3 Be6 8.
Nge2 Qa5 9. a3 Bxc3+ 10. Nxc3 Nd7 11. Be2 O-O 12. O-O Rad8 13. b4 Qc7 14. Qc2
f5 15. Rac1 Qb8 16. Rfd1 Nf6 17. Bf3 f4 18. e4 Bg4 19. Qe2 Bxf3 20. Qxf3 g6 21.
b5 cxb5 22. e5 Nh5 23. Nxb5 Rd7 24. Rc4 a6 25. Nd6 Rfd8 26. Rdc1 Kf8 27. Rc8
Qa7 28. g4 Qxd4 29. Rxd8+ Rxd8 30. Qxb7 Rxd6 31. exd6 Nf6 32. Qe7+ Kg7 33. Re1
Nxg4 34. Qe2 Nf6 35. Rd1 Qa4 36. Qd3 Qd7 37. Qd4 g5 38. f3 Kg6 39. Qd3+ Kh5 40.
Re1 Qc8 41. d7 Qxd7 42. Qxd7 Nxd7 43. Re7 Nf6 44. Rxf7 Kg6 45. Ra7 g4 46. Rxa6
gxf3 47. Kf2 Kf5 48. Rxf6+ Kxf6 49. Kxf3 1-0

[Event "Madrid ch Super Veteranos 2018"]
[Site "Madrid ESP"]
[Date "2018.01.22"]
[Round "1.7"]
[White "Tome Salvador, Jose Antonio"]
[Black "Garcia Esteban, Ignacio"]
[Result "0-1"]
[WhiteElo "1620"]
[BlackElo "1871"]
[PlyCount "40"]
[EventDate "2018.01.22"]
[EventType "swiss"]
[EventRounds "7"]
[EventCountry "ESP"]
[SourceTitle "Ajedrez en Madrid"]
[Source "lmi"]
[SourceDate "2018.01.22"]
[SourceVersion "1"]
[SourceVersionDate "2018.01.28"]
[SourceQuality "1"]

1. d4 Nf6 2. c4 e5 3. e3 Bb4+ 4. Bd2 Qe7 5. Bxb4 Qxb4+ 6. Qd2 Qxd2+ 7. Nxd2
exd4 8. exd4 O-O 9. O-O-O d5 10. Ngf3 Ng4 11. Re1 Nxf2 12. Rg1 c6 13. h3 Bf5
14. g4 Nd3+ 15. Bxd3 Bxd3 16. cxd5 cxd5 17. Nb3 Be4 18. Nfd2 Rc8+ 19. Kd1 Bc2+
20. Ke2 Bxb3 0-1

[Event "Madrid ch Super Veteranos 2018"]
[Site "Madrid ESP"]
[Date "2018.01.22"]
[Round "1.8"]
[White "Lopez Heras, Arturo"]
[Black "Diaz Begonte, Manuel"]
[Result "1-0"]
[WhiteElo "1859"]
[BlackElo "1600"]
[PlyCount "81"]
[EventDate "2018.01.22"]
[EventType "swiss"]
[EventRounds "7"]
[EventCountry "ESP"]
[SourceTitle "Ajedrez en Madrid"]
[Source "lmi"]
[SourceDate "2018.01.22"]
[SourceVersion "1"]
[SourceVersionDate "2018.01.28"]
[SourceQuality "1"]

1. d4 d5 2. c4 c6 3. Nc3 dxc4 4. a4 Bf5 5. e4 Bg6 6. Bxc4 e6 7. Nf3 Nf6 8. Bd3
Nbd7 9. O-O Be7 10. Re1 O-O 11. e5 Nd5 12. Bxg6 hxg6 13. Nxd5 cxd5 14. a5 b6
15. Bd2 Qc7 16. Rc1 Qb7 17. a6 Qb8 18. Bg5 Bxg5 19. Nxg5 Rc8 20. Qg4 Rxc1 21.
Rxc1 Qe8 22. Qh3 Nf8 23. Qc3 f6 24. Nf3 Qd7 25. h4 Kf7 26. g3 Ke7 27. Nh2 f5
28. Nf3 Kf7 29. Ng5+ Kg8 30. Qc6 Qe8 31. Qb7 Kh8 32. Rc7 Rb8 33. Qxa7 Ra8 34.
Qxb6 Qa4 35. Qb7 Qxa6 36. Rxg7 Qxb7 37. Rxb7 Ra4 38. Rb8 Kg7 39. b4 Ra3 40. b5
Rd3 41. b6 1-0

[Event "Madrid ch Super Veteranos 2018"]
[Site "Madrid ESP"]
[Date "2018.01.22"]
[Round "1.9"]
[White "Martinez Carrasco, Jesus"]
[Black "Fernandez Garcia, Ignacio"]
[Result "0-1"]
[WhiteElo "1568"]
[BlackElo "1858"]
[PlyCount "106"]
[EventDate "2018.01.22"]
[EventType "swiss"]
[EventRounds "7"]
[EventCountry "ESP"]
[SourceTitle "Ajedrez en Madrid"]
[Source "lmi"]
[SourceDate "2018.01.22"]
[SourceVersion "1"]
[SourceVersionDate "2018.01.28"]
[SourceQuality "1"]

1. d4 Nf6 2. c4 g6 3. Nc3 Bg7 4. e4 d6 5. Nf3 O-O 6. Be2 c6 7. O-O a6 8. h3 b5
9. a3 Nbd7 10. Be3 Nb6 11. b3 bxc4 12. bxc4 d5 13. e5 Ne8 14. cxd5 Nxd5 15.
Nxd5 cxd5 16. Qd2 Nc7 17. a4 Ne6 18. Bh6 a5 19. Bxg7 Kxg7 20. Ra3 Ba6 21. Bb5
Bxb5 22. axb5 Qb6 23. Rfa1 Qxb5 24. Rxa5 Qb7 25. Qa2 Rxa5 26. Qxa5 Qb2 27. Qa2
Qc3 28. Qa4 Rc8 29. Rd1 h6 30. Qa7 Rc7 31. Qa8 Nf4 32. Qa1 Nxh3+ 33. Kf1 Qc4+
34. Ke1 Nf4 35. Qb2 Nxg2+ 36. Kd2 Nf4 37. Ke3 Ng2+ 38. Kd2 Ra7 39. Ra1 Rc7 40.
Rg1 Nf4 41. Ke3 Ne6 42. Nh4 Kh7 43. Rg4 Nc5 44. Qb1 Qc3+ 45. Ke2 Rb7 46. Qd1
Qc4+ 47. Kf3 Rb3+ 48. Kg2 Nd3 49. Nf3 Rb2 50. Qh1 Rxf2+ 51. Kg3 Kg7 52. Nh4 Qc2
53. Nf5+ Rxf5 0-1

[Event "Madrid ch Super Veteranos 2018"]
[Site "Madrid ESP"]
[Date "2018.01.22"]
[Round "1.10"]
[White "Campos Calvo-Sotelo, Juan"]
[Black "Quintero Cuervo, Edgar"]
[Result "1-0"]
[WhiteElo "1851"]
[BlackElo "1557"]
[PlyCount "56"]
[EventDate "2018.01.22"]
[EventType "swiss"]
[EventRounds "7"]
[EventCountry "ESP"]
[SourceTitle "Ajedrez en Madrid"]
[Source "lmi"]
[SourceDate "2018.01.22"]
[SourceVersion "1"]
[SourceVersionDate "2018.01.28"]
[SourceQuality "1"]

1. b4 e5 2. a3 d5 3. e3 Nf6 4. c4 c6 5. Bb2 Bd6 6. Nf3 Bg4 7. Qb3 Bxf3 8. gxf3
Nbd7 9. Nc3 d4 10. Ne4 Nxe4 11. fxe4 c5 12. Bh3 Qb6 13. Bxd7+ Kxd7 14. exd4
exd4 15. O-O Rae8 16. Qf3 f6 17. bxc5 Qxc5 18. Kh1 Qe5 19. Qh3+ Kc7 20. c5 Bxc5
21. Rac1 b6 22. d3 g5 23. Rc4 Kd8 24. Rfc1 g4 25. Qg3 h5 26. Bxd4 Qxg3 27.
Bxf6+ Kd7 28. fxg3 h4 1-0

[Event "Madrid ch Super Veteranos 2018"]
[Site "Madrid ESP"]
[Date "2018.01.22"]
[Round "1.11"]
[White "Rueda Maria, Ramiro"]
[Black "Beekhof Harmsen, Willen"]
[Result "1-0"]
[WhiteElo "1827"]
[BlackElo "1543"]
[PlyCount "69"]
[EventDate "2018.01.22"]
[EventType "swiss"]
[EventRounds "7"]
[EventCountry "ESP"]
[SourceTitle "Ajedrez en Madrid"]
[Source "lmi"]
[SourceDate "2018.01.22"]
[SourceVersion "1"]
[SourceVersionDate "2018.01.28"]
[SourceQuality "1"]

1. Nf3 Nf6 2. c4 g6 3. g3 Bg7 4. Bg2 O-O 5. d4 c5 6. O-O d6 7. Nc3 a6 8. dxc5
dxc5 9. Be3 Qc7 10. Bf4 Qb6 11. Qc2 Nc6 12. Rad1 Be6 13. Na4 Qb4 14. b3 Bf5 15.
Qc1 Nh5 16. Bd2 Nd4 17. Nxd4 Qxa4 18. bxa4 Bxd4 19. Bc3 Bxc3 20. Qxc3 Rab8 21.
Rd2 Nf6 22. Rfd1 Ne4 23. Bxe4 Bxe4 24. a5 Bc6 25. Qe5 Ba4 26. Rb1 e6 27. Qxc5
Rfc8 28. Qb4 Bc6 29. f3 h5 30. Rbd1 Kg7 31. Rd6 Kf6 32. c5 Bb5 33. a4 Bxe2 34.
Qb2+ Ke7 35. Rd7+ 1-0

[Event "Madrid ch Super Veteranos 2018"]
[Site "Madrid ESP"]
[Date "2018.01.22"]
[Round "1.12"]
[White "Fernandez- Bujarrabal V., Pedro"]
[Black "Ortega Morales, Pedro"]
[Result "1-0"]
[WhiteElo "1536"]
[BlackElo "1825"]
[PlyCount "79"]
[EventDate "2018.01.22"]
[EventType "swiss"]
[EventRounds "7"]
[EventCountry "ESP"]
[SourceTitle "Ajedrez en Madrid"]
[Source "lmi"]
[SourceDate "2018.01.22"]
[SourceVersion "1"]
[SourceVersionDate "2018.01.28"]
[SourceQuality "1"]

1. e4 e5 2. Nf3 Nc6 3. Bb5 Nf6 4. Bxc6 dxc6 5. Nc3 Bd6 6. O-O O-O 7. d3 h6 8.
Be3 Bd7 9. Ne2 Qe7 10. Ng3 b6 11. Nh4 Ng4 12. Nhf5 Bxf5 13. Nxf5 Qf6 14. Qxg4
Kh7 15. Nxd6 cxd6 16. f4 exf4 17. c3 g5 18. Bd4 Qe6 19. Qf5+ Qxf5 20. exf5 f6
21. Rae1 Rae8 22. Rxe8 Rxe8 23. Kf2 Rf8 24. c4 c5 25. Bc3 d5 26. Re1 d4 27. Bd2
Rf7 28. h4 h5 29. g3 fxg3+ 30. Kxg3 Kg8 31. a4 Kf8 32. b4 Rg7 33. bxc5 bxc5 34.
Re4 gxh4+ 35. Kxh4 Rg2 36. Bh6+ Kf7 37. Bf4 Ra2 38. Kxh5 Rxa4 39. Bd6 Ra3 40.
Re7+ 1-0

[Event "Madrid ch Super Veteranos 2018"]
[Site "Madrid ESP"]
[Date "2018.01.22"]
[Round "1.13"]
[White "Abad Martin-Camunas, Luis"]
[Black "Cruz Gonzalez, Antonio"]
[Result "0-1"]
[WhiteElo "1408"]
[BlackElo "1766"]
[PlyCount "56"]
[EventDate "2018.01.22"]
[EventType "swiss"]
[EventRounds "7"]
[EventCountry "ESP"]
[SourceTitle "Ajedrez en Madrid"]
[Source "lmi"]
[SourceDate "2018.01.22"]
[SourceVersion "1"]
[SourceVersionDate "2018.01.28"]
[SourceQuality "1"]

1. c4 Nf6 2. Nc3 g6 3. g3 Bg7 4. Bg2 c5 5. e3 Nc6 6. Nge2 O-O 7. O-O d6 8. d3
Bd7 9. d4 cxd4 10. Nxd4 Qc8 11. Re1 a6 12. Nd5 Nxd5 13. Nxc6 bxc6 14. cxd5 c5
15. Rb1 Rb8 16. e4 Bd4 17. Qc2 f5 18. Be3 Bf6 19. f3 fxe4 20. fxe4 Qb7 21. b3
Be5 22. Rf1 Bb5 23. Rxf8+ Rxf8 24. a4 Bd7 25. Qc4 a5 26. Kh1 Qb4 27. Bf1 Qc3
28. Rc1 Qxe3 0-1

[Event "Madrid ch Super Veteranos 2018"]
[Site "Madrid ESP"]
[Date "2018.01.22"]
[Round "1.14"]
[White "Ramos Isasi, Jose"]
[Black "Martin Rodriguez, Jose Luis"]
[Result "1-0"]
[WhiteElo "1760"]
[BlackElo "1302"]
[PlyCount "49"]
[EventDate "2018.01.22"]
[EventType "swiss"]
[EventRounds "7"]
[EventCountry "ESP"]
[SourceTitle "Ajedrez en Madrid"]
[Source "lmi"]
[SourceDate "2018.01.22"]
[SourceVersion "1"]
[SourceVersionDate "2018.01.28"]
[SourceQuality "1"]

1. d4 Nf6 2. c4 e6 3. Nf3 d5 4. Nc3 Bb4 5. Bg5 Bxc3+ 6. bxc3 h6 7. Bh4 Nbd7 8.
e3 dxc4 9. Bxc4 Nb6 10. Bd3 g5 11. Bg3 Rf8 12. O-O Nh5 13. Be5 Nd7 14. c4 Nxe5
15. Nxe5 Ng7 16. Qc2 Qd6 17. Rad1 f5 18. Qb2 Nh5 19. d5 Nf6 20. c5 Qxc5 21.
Bb5+ Bd7 22. Nxd7 Nxd7 23. dxe6 Ke7 24. Bxd7 Rad8 25. Qg7+ 1-0

[Event "Madrid ch Super Veteranos 2018"]
[Site "Madrid ESP"]
[Date "2018.01.22"]
[Round "1.15"]
[White "Rodriguez Agarrabeitia, Juan A"]
[Black "Martinez Rubio, Felipe"]
[Result "0-1"]
[WhiteElo "1294"]
[BlackElo "1754"]
[PlyCount "104"]
[EventDate "2018.01.22"]
[EventType "swiss"]
[EventRounds "7"]
[EventCountry "ESP"]
[SourceTitle "Ajedrez en Madrid"]
[Source "lmi"]
[SourceDate "2018.01.22"]
[SourceVersion "1"]
[SourceVersionDate "2018.01.28"]
[SourceQuality "1"]

1. e4 d5 2. d3 dxe4 3. Nc3 Nf6 4. dxe4 Qxd1+ 5. Nxd1 Nxe4 6. Bb5+ Bd7 7. Bd3
Nc5 8. Bc4 e6 9. Nf3 Bd6 10. O-O O-O 11. Nc3 a6 12. Be3 b5 13. Bxc5 Bxc5 14.
Bd3 h6 15. Ne4 Be7 16. c4 Rd8 17. cxb5 Bxb5 18. Bxb5 axb5 19. Nc3 b4 20. Ne2 c5
21. b3 Bf6 22. Rab1 Rxa2 23. Nc1 Ra1 24. Rxa1 Bxa1 25. Ne2 Bf6 26. Ng3 Nc6 27.
Ne4 Be7 28. h3 Na5 29. Rb1 Rd3 30. Ned2 Bg5 31. Ne4 Nxb3 32. Nexg5 hxg5 33.
Nxg5 f6 34. Nf3 Nd2 35. Nxd2 Rxd2 36. Kh2 Rxf2 37. Kg1 Rc2 38. Rd1 b3 39. Rd8+
Kh7 40. Rb8 b2 41. Kh2 c4 42. Rb5 c3 43. Rh5+ Kg6 44. Rb5 Rc1 45. Rb4 b1=Q 46.
Rg4+ Kf7 47. Rf4 Ke7 48. Rc4 Rh1+ 49. Kg3 Qd3+ 50. Kg4 Qxc4+ 51. Kf3 Rf1+ 52.
Kg3 Qf4# 0-1

[Event "Madrid ch Super Veteranos 2018"]
[Site "Madrid ESP"]
[Date "2018.01.22"]
[Round "1.16"]
[White "Pashov, Spas Nikolov"]
[Black "Arroyo Fraile, Mario"]
[Result "1-0"]
[WhiteElo "1844"]
[BlackElo "1533"]
[PlyCount "59"]
[EventDate "2018.01.22"]
[EventType "swiss"]
[EventRounds "7"]
[EventCountry "ESP"]
[SourceTitle "Ajedrez en Madrid"]
[Source "lmi"]
[SourceDate "2018.01.22"]
[SourceVersion "1"]
[SourceVersionDate "2018.01.28"]
[SourceQuality "1"]

1. e4 e6 2. d4 d5 3. Nd2 Nf6 4. e5 Nfd7 5. Bd3 c5 6. c3 Nc6 7. Ne2 Qb6 8. Nf3
cxd4 9. cxd4 Bb4+ 10. Bd2 Bxd2+ 11. Qxd2 Qb4 12. O-O Qxd2 13. Nxd2 O-O 14. Bb5
f6 15. Rac1 fxe5 16. Bxc6 bxc6 17. Rxc6 Re8 18. Re1 e4 19. f3 exf3 20. Nxf3 e5
21. Nc3 Bb7 22. Rc7 Bc8 23. Nxd5 e4 24. Ng5 Nf6 25. Nxf6+ gxf6 26. Nxe4 Re6 27.
d5 Rb6 28. d6 Bf5 29. Nxf6+ Kf8 30. Ree7 1-0

[Event "Madrid ch Super Veteranos 2018"]
[Site "Madrid ESP"]
[Date "2018.01.23"]
[Round "2.1"]
[White "Pastor Alonso De Prado, Alberto"]
[Black "Campos Calvo-Sotelo, Juan"]
[Result "0-1"]
[WhiteElo "2190"]
[BlackElo "1851"]
[PlyCount "114"]
[EventDate "2018.01.22"]
[EventType "swiss"]
[EventRounds "7"]
[EventCountry "ESP"]
[SourceTitle "Ajedrez en Madrid"]
[Source "lmi"]
[SourceDate "2018.01.22"]
[SourceVersion "1"]
[SourceVersionDate "2018.01.28"]
[SourceQuality "1"]

1. e4 a6 2. d4 b5 3. Nd2 e6 4. a4 b4 5. Ngf3 c5 6. Bd3 Nf6 7. e5 Nd5 8. Ne4
cxd4 9. O-O Bb7 10. Nfg5 Nc6 11. Nxf7 Kxf7 12. Ng5+ Ke7 13. Nxh7 Nxe5 14. Be4
Qc7 15. Qxd4 Kd8 16. Ng5 Kc8 17. Bxd5 Bxd5 18. Bf4 Bd6 19. Bg3 Nc6 20. Qxg7 Kb7
21. f4 Rag8 22. Qf6 Be7 23. Qf7 Qd6 24. Rad1 Nd8 25. Rxd5 exd5 26. Qf5 Bxg5 27.
fxg5 Qe6 28. Qf4 Nc6 29. Re1 Qg6 30. Qc7+ Ka8 31. Qxd7 Rh7 32. Qe6 Re7 33. Qxd5
Rxe1+ 34. Bxe1 Rd8 35. Qc4 Kb7 36. h4 Rd1 37. Qe2 Qd6 38. g6 Qd4+ 39. Kh2 Qe5+
40. Qxe5 Nxe5 41. g7 Ng4+ 42. Kg3 Nh6 43. Bxb4 Nf5+ 44. Kg4 Nxg7 45. Bc3 Rd7
46. h5 Ne6 47. Kf5 Nf8 48. g4 Rf7+ 49. Bf6 Kc7 50. g5 Rh7 51. g6 Rxh5+ 52. Kg4
Rh1 53. Be5+ Kd7 54. g7 Rg1+ 55. Bg3 Nh7 56. Kf3 Nf6 57. Kf2 Rc1 0-1

[Event "Madrid ch Super Veteranos 2018"]
[Site "Madrid ESP"]
[Date "2018.01.23"]
[Round "2.2"]
[White "Fernandez Garcia, Ignacio"]
[Black "Gonzalez Rivera, Eduardo"]
[Result "1/2-1/2"]
[WhiteElo "1858"]
[BlackElo "2014"]
[PlyCount "172"]
[EventDate "2018.01.22"]
[EventType "swiss"]
[EventRounds "7"]
[EventCountry "ESP"]
[SourceTitle "Ajedrez en Madrid"]
[Source "lmi"]
[SourceDate "2018.01.22"]
[SourceVersion "1"]
[SourceVersionDate "2018.01.28"]
[SourceQuality "1"]

1. e4 e5 2. Nf3 Nc6 3. Bc4 Nf6 4. Nc3 Bb4 5. d3 d5 6. exd5 Nxd5 7. O-O Nxc3 8.
bxc3 Bxc3 9. Ng5 Qe7 10. Bxf7+ Kd8 11. Rb1 h6 12. Qh5 Rf8 13. Rb5 Bd7 14. Qg6
Kc8 15. Rb3 hxg5 16. Bd5 Be8 17. Qe4 Bd4 18. Ba3 Bc5 19. Bc1 Qf6 20. Qg4+ Bd7
21. Qg3 g4 22. Rb5 Bd6 23. Be4 Rb8 24. c3 Nd4 25. Rb2 Nc6 26. Be3 b6 27. f3 Bc5
28. Bxc5 bxc5 29. Rbf2 Qg5 30. h3 Qh6 31. fxg4 Rxf2 32. Rxf2 Rb1+ 33. Kh2 Qd6
34. d4 Re1 35. dxc5 Qxc5 36. Bf5 Re3 37. Qh4 Rxc3 38. Qh8+ Kb7 39. Rb2+ Nb4 40.
Bxd7 a5 41. Bf5 Qd4 42. Rb1 e4 43. a3 Rxa3 44. Qc8+ Kb6 45. Qb8+ Kc5 46. Qxc7+
Nc6 47. Qb6+ Kd6 48. Qxd4+ Nxd4 49. Bxe4 Re3 50. Bh7 a4 51. Rb4 Ke5 52. Rxa4
Re2 53. Ra3 g5 54. Kg3 Rd2 55. Rd3 Re2 56. Ra3 Rd2 57. Bd3 Rb2 58. Ba6 Rd2 59.
Re3+ Kf6 60. Rd3 Ne2+ 61. Kf2 Ra2 62. Rd6+ Ke5 63. Re6+ Kxe6 64. Bc4+ Ke5 65.
Bxa2 Nd4 66. g3 Nc6 67. Ke3 Nb4 68. Bb3 Nc6 69. h4 Kf6 70. Ke4 Ne7 71. h5 Nc6
72. Bd1 Ne5 73. Be2 Nf7 74. Kd5 Ne5 75. Kd6 Nf7+ 76. Kd7 Ne5+ 77. Ke8 Kg7 78.
Ke7 Nc6+ 79. Kd6 Nd4 80. Bd1 Nb5+ 81. Ke5 Nc3 82. Bf3 Nb5 83. Be4 Nc3 84. Bc6
Ne2 85. Kf5 Kh6 86. Ke4 Nxg3+ 1/2-1/2

[Event "Madrid ch Super Veteranos 2018"]
[Site "Madrid ESP"]
[Date "2018.01.23"]
[Round "2.3"]
[White "Estrada Martinez, Cesar"]
[Black "Pashov, Spas Nikolov"]
[Result "1/2-1/2"]
[WhiteElo "2001"]
[BlackElo "1844"]
[PlyCount "94"]
[EventDate "2018.01.22"]
[EventType "swiss"]
[EventRounds "7"]
[EventCountry "ESP"]
[SourceTitle "Ajedrez en Madrid"]
[Source "lmi"]
[SourceDate "2018.01.22"]
[SourceVersion "1"]
[SourceVersionDate "2018.01.28"]
[SourceQuality "1"]

1. c4 e5 2. Nc3 Nf6 3. Nf3 Nc6 4. d4 exd4 5. Nxd4 Be7 6. g3 O-O 7. Bg2 Nxd4 8.
Qxd4 c6 9. O-O d6 10. Bf4 Qc7 11. c5 Rd8 12. Rad1 Ne8 13. Qa4 Be6 14. Rd2 Qc8
15. cxd6 Nxd6 16. Rfd1 Nc4 17. Rxd8+ Bxd8 18. Qc2 Bc7 19. Bxc7 Qxc7 20. b3 Nb6
21. Qd2 h6 22. e4 a5 23. f4 Bg4 24. Qd6 Qb8 25. Re1 Qd8 26. Qxd8+ Rxd8 27. h3
Bc8 28. Rd1 Rxd1+ 29. Nxd1 a4 30. f5 axb3 31. axb3 Nd7 32. Kf2 Ne5 33. Ne3 Kf8
34. Nc4 Ke7 35. Nd2 Nd3+ 36. Ke3 Ne5 37. Kd4 Kd6 38. b4 b6 39. Bf1 c5+ 40.
bxc5+ bxc5+ 41. Kc3 Bb7 42. g4 f6 43. Be2 Bc6 44. Ba6 Ba4 45. Be2 Bc6 46. Bf1
Be8 47. Be2 Bc6 1/2-1/2

[Event "Madrid ch Super Veteranos 2018"]
[Site "Madrid ESP"]
[Date "2018.01.23"]
[Round "2.4"]
[White "Rueda Maria, Ramiro"]
[Black "Ciuro Munoz, Ricardo"]
[Result "0-1"]
[WhiteElo "1827"]
[BlackElo "1986"]
[PlyCount "152"]
[EventDate "2018.01.22"]
[EventType "swiss"]
[EventRounds "7"]
[EventCountry "ESP"]
[SourceTitle "Ajedrez en Madrid"]
[Source "lmi"]
[SourceDate "2018.01.22"]
[SourceVersion "1"]
[SourceVersionDate "2018.01.28"]
[SourceQuality "1"]

1. e4 e6 2. d4 d5 3. exd5 exd5 4. Bd3 Bd6 5. Nf3 Ne7 6. h3 Nbc6 7. c3 Bf5 8.
Bxf5 Nxf5 9. Qd3 Qe7+ 10. Be3 Nxe3 11. Qxe3 Qxe3+ 12. fxe3 Bg3+ 13. Kd2 O-O 14.
Rf1 Rae8 15. Na3 f6 16. Ng1 a6 17. Nc2 Nd8 18. Ne2 Bd6 19. Ne1 Nf7 20. Nf3 c6
21. Rae1 Bc7 22. Kd3 Nd6 23. Nd2 Re7 24. Ng3 g6 25. b3 b5 26. e4 Nc4 27. bxc4
bxc4+ 28. Kc2 Bxg3 29. Re3 Bc7 30. Ref3 dxe4 31. Rxf6 Rxf6 32. Rxf6 e3 33. Nf3
e2 34. Ne1 Rf7 35. Rxc6 Bg3 36. Kd2 Rf1 37. Nc2 e1=Q+ 38. Nxe1 Rxe1 39. Rxc4
Rg1 40. d5 Rxg2+ 41. Kd3 Rxa2 42. Rc6 Kf7 43. c4 a5 44. c5 Ra4 45. Ra6 Be5 46.
Ra7+ Kf6 47. d6 Bxd6 48. cxd6 Rh4 49. Rxa5 Ke6 50. d7 Rxh3+ 51. Ke4 Kxd7 52.
Re5 Rh1 53. Kf4 Rg1 54. Kf3 h5 55. Kf2 Rg4 56. Kf3 Kd6 57. Re1 Rg5 58. Kf4 Rf5+
59. Kg3 Re5 60. Rf1 Ke6 61. Kh4 Re4+ 62. Kg3 Rg4+ 63. Kh3 Ke5 64. Rf8 Rf4 65.
Re8+ Kf5 66. Rf8+ Kg5 67. Rg8 Rf3+ 68. Kg2 Ra3 69. Kh2 h4 70. Kg2 Kh5 71. Rh8+
Kg4 72. Rg8 g5 73. Rg7 h3+ 74. Kh1 Kh4 75. Rh7+ Kg3 76. Rxh3+ Kxh3 0-1